000 00532nam a2200193Ia 4500
003 OSt
005 20240810100745.0
008 210210b1968 xxu||||| |||| 00| 0 eng d
040 _cAL
041 _akan
082 _aK894.3 SHAO
100 _aSHARADA (Anekal M S): ಶಾರದ (ಆನೇಕಲ್ ಎಂ ಎಸ್)
_9176308
245 _aOdeda halu:
_bಒಡೆದ ಹಾಲು
260 _aBengaluru
_bStyandard Buk Dipo
_c1968
300 _a266
690 _aKannada Fiction
_9176309
906 _a027154
942 _2ddc
_cBK
999 _c78451
_d78451